LIBRARY & INFORMATION CENTRE, KCAET, TAVANUR

ONLINE PUBLIC ACCESS CATALOGUE (OPAC)

Study on the effect of impact force in copra separation (Record no. 14963)

MARC details
000 -LEADER
fixed length control field 00647nam a22001817a 4500
003 - CONTROL NUMBER IDENTIFIER
control field OSt
088 ## - REPORT NUMBER
Report number P 307
100 ## - MAIN ENTRY--AUTHOR NAME
Personal name ATHUL CHANDRAN K
-- SANU K.A
-- VISHNU SANKAR A
245 ## - TITLE STATEMENT
Title Study on the effect of impact force in copra separation
260 ## - PUBLICATION, DISTRIBUTION, ETC. (IMPRINT)
Place of publication Tavanur 2015
Name of publisher Department Of Farm Power Machinery and Energy
300 ## - PHYSICAL DESCRIPTION
Number of Pages 54
500 ## - GENERAL NOTE
General note Study on the effect of impact force in copra separation
520 ## - SUMMARY, ETC.
Summary, etc Study on the effect of impact force in copra separation
700 ## - ADDED ENTRY--PERSONAL NAME
Personal name Er. Shivaji K.P (Guide)
856 ## - ELECTRONIC LOCATION AND ACCESS
Uniform Resource Identifier https://drive.google.com/open?id=1wNKTgj-W6rNJ8QxFYPPkUHQ5YpS_t6ch
942 ## - ADDED ENTRY ELEMENTS (KOHA)
Koha item type Project Report
Holdings
Collection code Home library Current library Shelving location Full call number Accession Number Koha item type
Reference KAUAET KAUAET Reference 631.3 ATH/ST P 307 Project Report
free website counter